00731nam a2200217Ii 45000010005000000030009000050080041000140400033000550410008000880820015000961000022001112450018001332640060001513000012002113360026002233370028002493380027002779400050003049990017003549520142003717311CO-ViMGA241108s9999||||xx |||||||||||||| ||und|| aCO-ViMGAbspaerdacCO-ViMGA0 aunk04a930.1-G5731 aClare Goff95398710aArqueología 1a[Lugar de publicación no identificado] : Sigmar, 1976 avolumen atextbtxt2rdacontent aunmediatedbn2rdamedia avolumebnc2rdacarrier aidficha_siabuc: 7140. -- ficha_no_siabuc:7311 c50818d50818 001040708001aMEVIGERRbMEVIGERRcGENd2006-11-27hVol.1o930.1-G573pECA7177r2024-11-26 10:02:16tEj.1w2024-11-26yBKz7140 | 10028